Prečo je kľúčom Key Account Management?

Stanovenie najúčinnejšej stratégie vedúcej k naplneniu stanovených cieľov v oblasti riadenia predaja a ďalších nadväzujúcich oblastí. Postup voči celej skupine kľúčových zákazníkov. Stratégia a taktika budovania vzťahov so zákazníkmi.

Na minha lista:
Detalhes bibliográficos
Autor principal: Straňák, Dušan
Formato: Capítulo de Livro
Idioma:eslovaco
Assuntos:
Tags: Adicionar Tag
Sem tags, seja o primeiro a adicionar uma tag!

MARC

LEADER 00000naa a2200000 4500
001 0200216
005 20231208114513.7
041 0 |a slo 
044 |a SK 
245 1 0 |a Prečo je kľúčom Key Account Management?  |c Dušan Straňák 
520 |a Stanovenie najúčinnejšej stratégie vedúcej k naplneniu stanovených cieľov v oblasti riadenia predaja a ďalších nadväzujúcich oblastí. Postup voči celej skupine kľúčových zákazníkov. Stratégia a taktika budovania vzťahov so zákazníkmi. 
610 2 0 |a manažment 
610 2 0 |a manažéri 
610 2 0 |a komunikácia manažérska 
610 2 0 |a technika riadenia 
610 2 0 |a riadenie vzťahov so zákazníkmi 
610 2 0 |a riadenie podľa cieľov 
100 1 |a Straňák, Dušan